| 000 | 00000nam##2200000za#4500 |
| 001 | 9.640075 |
| 003 | CaOODSP |
| 005 | 20210624222508 |
| 007 | cr ||||||||||| |
| 008 | 150407|1999||||xxc|||||o f|0| 0 fre|d |
| 040 | |aCaOODSP|bfre |
| 043 | |an-cn--- |
| 086 | 1 |aSN3-61/1994-2F-PDF |
| 110 | 1 |aCanada.|bBibliothèque nationale du Canada. |
| 245 | 10|aClasse FC : |h[ressource électronique]|bune classification de l'histoire du Canada, deuxième edition. Ajouts et modifications, #2 |
| 250 | |aDeuxième édition |
| 260 | |aOttawa - Ontario : |bBibliothèque nationale du Canada |c1999. |
| 300 | |a9p. |
| 500 | |aDonnées de catalogage avant publication (Canada) imprimées dans cette publication. Ajouts et modifications, n° 2. |
| 500 | |aLe nº de catalogue (SN3-61/1994-2F) et l'ISBN (0-662-83598-0) de l'édition imprimée ont été incorrectement copiés dans cette édition électronique. |
| 590 | |a12-17-Supp|b2012-04-20 |
| 691 | 07|aClassification|2gcpds |
| 691 | 07|aHistoire du Canada|2gcpds |
| 775 | 08|tClass FC : |w(CaOODSP)9.695956 |
| 776 | 0#|tClasse FC: une classification de l'histoire du Canada |w(CaOODSP)9.680726 |
| 856 | 40|ahttp://publications.gc.ca|qPDF|s44 Ko|uhttps://publications.gc.ca/collections/Collection/SN3-61-1994-2F.pdf |